| 000 | 00675cam a2200241 4500 | ||
|---|---|---|---|
| 001 | J800 | ||
| 008 | 090401t1992 xxu||||| |||| 00| 0 eng d | ||
| 035 | _a(Sirsi) u76753 | ||
| 041 | _aeng | ||
| 050 | _a694.01 | ||
| 100 | _aSmith, G.A. | ||
| 245 | _aSchedules for the preservation of hem-fir timber. | ||
| 260 |
_aGarston, Watford _bBuilding Research Establishment _c1992 |
||
| 300 | _a(4)p. : ill, ; 30cm. | ||
| 350 | _a0 | ||
| 490 |
_aBRE Information Paper _v11/92 |
||
| 650 | _aWOOD PRESERVATIVES | ||
| 690 | _aBUILT ENVIRONMENT-BUILDING MATERIALS | ||
| 700 | _aOrsler, R.J. | ||
| 710 | _aBuilding Research Establishment | ||
| 942 | _n0 | ||
| 948 | _c04/03/1997 | ||
| 999 |
_c96242 _d96242 |
||